| 000 | 00756nam a2200241Ia 4500 | ||
|---|---|---|---|
| 003 | OSt | ||
| 005 | 20221005112427.0 | ||
| 006 | a|||||r|||| 00| 0 | ||
| 007 | ta | ||
| 008 | 221004b |||||||| |||| 00| 0 pan d | ||
| 024 | _a5521 | ||
| 037 |
_bGift, 22/07/2013, _cTextual |
||
| 040 |
_aCRL _cCRL _bpan |
||
| 041 |
_2pan _apan |
||
| 082 | _aO153,1NSIx, Q1 | ||
| 100 | _aਚਰਨ ਸਿੰਘ | ||
| 245 | 0 | _aਪ੍ਰਕਰਮਾਂ | |
| 260 |
_aਚੰਡੀਗੜ _bਪੰਜਾਬ ਬੁੱਕ ਸੈ੍ਵਟਰ ਭਾਰਤ _c2011 |
||
| 300 |
_a104ਪੰ _ccm. |
||
| 650 | _aਪੰਜਾਬੀ ਸਾਹਿਤ | ||
| 942 |
_hO153,1NSIx, Q1 _cTEXL _2cc |
||
| 999 |
_c1024859 _d1024859 |
||